[Event "Gibraltar Chess Festival 2017 - Masters"]
[Site "Gibraltar ENG"]
[Date "2017.01.25"]
[Round "2.64"]
[White "Libiszewski, Fabien"]
[Black "Plotkin, Victor"]
[Result "1/2-1/2"]
[WhiteElo "2545"]
[BlackElo "2253"]
[PlyCount "93"]
[EventDate "2017.01.24"]
[EventType "swiss"]
[EventRounds "10"]
[EventCountry "ENG"]
[SourceTitle "Ajedrez en Madrid"]
[Source "lmi"]
[SourceDate "2017.01.24"]

1. d4 Nf6 2. Bf4 d5 3. e3 e6 4. Nd2 c5 5. c3 Nc6 6. Ngf3 Bd6 7. Bg3 O-O 8. Bd3
Qe7 9. Ne5 Ne8 10. f4 f5 11. Ndf3 Nf6 12. Bh4 Qe8 13. Rg1 cxd4 14. exd4 Bd7 15.
Bxf6 gxf6 16. Nxd7 Qxd7 17. Qd2 Kh8 18. O-O-O Rab8 19. Kb1 b5 20. Rde1 b4 21.
c4 b3 22. a3 Nb4 23. c5 Nxd3 24. Qxd3 Bxf4 25. g3 Bh6 26. Rg2 Rfe8 27. Rge2 Qc6
28. Nh4 Bg5 29. Ng2 a5 30. h4 Bh6 31. Qf3 Qd7 32. Nf4 Bxf4 33. Qxf4 Rbc8 34.
Qh6 Qf7 35. Qd2 a4 36. Qa5 Qd7 37. Qb6 Rg8 38. Qxe6 Qxe6 39. Rxe6 Rg4 40. Rd1
Kg7 41. Rd6 Rxg3 42. Rxd5 Rg2 43. Rxf5 Re8 44. Rff1 Ree2 45. Rg1 Rxb2+ 46. Ka1
Ra2+ 47. Kb1 1/2-1/2

[Event "Gibraltar Chess Festival 2017 - Masters"]
[Site "Gibraltar ENG"]
[Date "2017.01.25"]
[Round "2.65"]
[White "Semprun Martinez, Fernando"]
[Black "Sarkar, Justin"]
[Result "0-1"]
[WhiteElo "2174"]
[BlackElo "2428"]
[PlyCount "53"]
[EventDate "2017.01.24"]
[EventType "swiss"]
[EventRounds "10"]
[EventCountry "ENG"]
[SourceTitle "Ajedrez en Madrid"]
[Source "lmi"]
[SourceDate "2017.01.24"]

1. e4 e6 2. d4 d5 3. Nc3 Nf6 4. e5 Nfd7 5. Nf3 c5 6. dxc5 Nc6 7. Bf4 Bxc5 8.
Bd3 f6 9. exf6 Qxf6 10. Bg5 Qf7 11. O-O a6 12. Bh4 h6 13. Re1 O-O 14. Qe2 Nf6
15. Na4 Ba7 16. c4 dxc4 17. Bxc4 b5 18. Bxe6 Bxe6 19. Qxe6 Qxe6 20. Rxe6 Nd8
21. Rxf6 gxf6 22. Nc3 Ne6 23. Nd5 Ng5 24. Nc7 Rac8 25. Nxa6 Nxf3+ 26. gxf3 Rc6
27. Nb4 0-1

[Event "Gibraltar Chess Festival 2017 - Masters"]
[Site "Gibraltar ENG"]
[Date "2017.01.25"]
[Round "2.66"]
[White "Amgalanbaatar, Ravdanlkhumbuu"]
[Black "Tsolakidou, Stavroula"]
[Result "0-1"]
[WhiteElo "1988"]
[BlackElo "2387"]
[PlyCount "76"]
[EventDate "2017.01.24"]
[EventType "swiss"]
[EventRounds "10"]
[EventCountry "ENG"]
[SourceTitle "Ajedrez en Madrid"]
[Source "lmi"]
[SourceDate "2017.01.24"]

1. e4 c5 2. Nf3 d6 3. d4 cxd4 4. Nxd4 Nf6 5. Nc3 a6 6. Be3 e5 7. Nb3 Be7 8. f3
Be6 9. Qd2 O-O 10. O-O-O a5 11. a4 Nc6 12. g4 Nb4 13. Kb1 Rc8 14. Bb5 d5 15. g5
Ne8 16. Bxe8 Qxe8 17. exd5 Bf5 18. Na1 Rxc3 19. bxc3 Qxa4 20. cxb4 Bxb4 21. Qd3
Bxd3 22. Rxd3 Qb5 23. Bc1 a4 24. Rhd1 Rc8 25. Ka2 Qc4+ 26. Kb1 Bd6 27. Bb2 Qh4
28. Ba3 Bxa3 29. Rxa3 Qb4+ 30. Ka2 Rc5 31. Rdd3 Rb5 32. Nb3 g6 33. d6 axb3+ 34.
cxb3 Qe1 35. Ra8+ Kg7 36. d7 Qe2+ 37. Ka1 Qxd3 38. d8=Q Qc3+ 0-1

[Event "Gibraltar Chess Festival 2017 - Masters"]
[Site "Gibraltar ENG"]
[Date "2017.01.25"]
[Round "2.67"]
[White "Mihajlov, Sebastian"]
[Black "Vanheirzeele, Daniel"]
[Result "1-0"]
[WhiteElo "2384"]
[BlackElo "2154"]
[PlyCount "55"]
[EventDate "2017.01.24"]
[EventType "swiss"]
[EventRounds "10"]
[EventCountry "ENG"]
[SourceTitle "Ajedrez en Madrid"]
[Source "lmi"]
[SourceDate "2017.01.24"]

1. d4 Nf6 2. Nf3 e6 3. e3 b6 4. Bd3 Bb7 5. O-O d5 6. b3 Nbd7 7. Bb2 Bd6 8. Ne5
O-O 9. Nd2 Qe7 10. c4 Ne4 11. Rc1 Rad8 12. cxd5 exd5 13. Nc6 Bxc6 14. Rxc6 f5
15. g3 Rf6 16. Kg2 Rdf8 17. f3 Nxg3 18. hxg3 Bxg3 19. Rxf6 Rxf6 20. Qe2 Re6 21.
Bxf5 Rxe3 22. Qb5 Bd6 23. Qxd5+ Kh8 24. Ne4 Qh4 25. f4 Re2+ 26. Rf2 Re1 27. Bh3
Nf8 28. Nxd6 1-0

[Event "Gibraltar Chess Festival 2017 - Masters"]
[Site "Gibraltar ENG"]
[Date "2017.01.25"]
[Round "2.68"]
[White "Gamboa Alvarado, Olga Leticia"]
[Black "Lazarne Vajda, Szidonia"]
[Result "1/2-1/2"]
[WhiteElo "1913"]
[BlackElo "2364"]
[PlyCount "71"]
[EventDate "2017.01.24"]
[EventType "swiss"]
[EventRounds "10"]
[EventCountry "ENG"]
[SourceTitle "Ajedrez en Madrid"]
[Source "lmi"]
[SourceDate "2017.01.24"]

1. d4 d5 2. c4 c6 3. cxd5 cxd5 4. Nc3 Nf6 5. Nf3 Nc6 6. Bf4 Bf5 7. e3 e6 8. Qb3
Bb4 9. Bb5 O-O 10. Bxc6 Bxc3+ 11. Qxc3 Rc8 12. Ne5 Ng4 13. Qb4 Nxe5 14. Bxe5
Rxc6 15. O-O Qd7 16. Rac1 f6 17. Bg3 Rfc8 18. Rc3 Rxc3 19. bxc3 Rc4 20. Qb3 Qc6
21. Rc1 b5 22. a3 a5 23. f3 b4 24. axb4 axb4 25. Be1 h5 26. Bd2 Qa6 27. cxb4
Rxc1+ 28. Bxc1 Qe2 29. Qc3 Bd3 30. h3 Kh7 31. Qd2 Qf1+ 32. Kh2 f5 33. f4 Kg6
34. h4 Be2 35. Kg3 Bb5 36. Bb2 1/2-1/2

[Event "Gibraltar Chess Festival 2017 - Masters"]
[Site "Gibraltar ENG"]
[Date "2017.01.25"]
[Round "2.69"]
[White "Mikhalevski, Victor"]
[Black "Minnema, Rens"]
[Result "1-0"]
[WhiteElo "2504"]
[BlackElo "1893"]
[PlyCount "59"]
[EventDate "2017.01.24"]
[EventType "swiss"]
[EventRounds "10"]
[EventCountry "ENG"]
[SourceTitle "Ajedrez en Madrid"]
[Source "lmi"]
[SourceDate "2017.01.24"]

1. d4 Nf6 2. Nf3 d6 3. g3 g6 4. Bg2 Bg7 5. O-O O-O 6. b3 c5 7. Bb2 Nc6 8. d5
Nb8 9. c4 Bf5 10. Nbd2 Qc8 11. Re1 Ne4 12. Bxg7 Kxg7 13. Nh4 Nxd2 14. Qxd2 Bh3
15. e4 Bxg2 16. Kxg2 f6 17. f4 Nd7 18. Nf3 h6 19. Qc3 Kh7 20. e5 fxe5 21. fxe5
Nxe5 22. Nxe5 dxe5 23. Rxe5 Rf7 24. Rae1 Qc7 25. Qe3 Re8 26. Re6 b6 27. Qe4 Rg7
28. d6 Qd7 29. Rxe7 Rgxe7 30. Qxe7+ 1-0

[Event "Gibraltar Chess Festival 2017 - Masters"]
[Site "Gibraltar ENG"]
[Date "2017.01.25"]
[Round "2.70"]
[White "Haussernot, Cecile"]
[Black "Gupta, Abhijeet"]
[Result "0-1"]
[WhiteElo "2108"]
[BlackElo "2645"]
[PlyCount "60"]
[EventDate "2017.01.24"]
[EventType "swiss"]
[EventRounds "10"]
[EventCountry "ENG"]
[SourceTitle "Ajedrez en Madrid"]
[Source "lmi"]
[SourceDate "2017.01.24"]

1. e4 c5 2. Nf3 d6 3. d4 cxd4 4. Nxd4 Nf6 5. Nc3 a6 6. h3 e6 7. g4 Be7 8. g5
Nfd7 9. h4 Nc6 10. Be3 O-O 11. Rg1 Nxd4 12. Qxd4 b5 13. h5 b4 14. Nb1 e5 15.
Qd3 a5 16. Bh3 Qc7 17. g6 Nf6 18. gxh7+ Kh8 19. Bh6 gxh6 20. Qg3 Ng4 21. Bxg4
Bg5 22. c3 f5 23. exf5 Qxh7 24. Nd2 Bxf5 25. Be2 Rg8 26. Qh2 bxc3 27. bxc3 Qc7
28. c4 Bf4 29. Qh1 Rxg1+ 30. Qxg1 Qb7 0-1

[Event "Gibraltar Chess Festival 2017 - Masters"]
[Site "Gibraltar ENG"]
[Date "2017.01.25"]
[Round "2.71"]
[White "Agbabishvili, Lali"]
[Black "Oparin, Grigoriy"]
[Result "0-1"]
[WhiteElo "2095"]
[BlackElo "2625"]
[PlyCount "58"]
[EventDate "2017.01.24"]
[EventType "swiss"]
[EventRounds "10"]
[EventCountry "ENG"]
[SourceTitle "Ajedrez en Madrid"]
[Source "lmi"]
[SourceDate "2017.01.24"]

1. d4 Nf6 2. c4 c5 3. Nf3 cxd4 4. Nxd4 Nc6 5. Nc3 e6 6. Nxc6 bxc6 7. e3 Bb4 8.
Bd2 O-O 9. Be2 d5 10. O-O Qe7 11. a3 Bd6 12. b4 e5 13. Be1 Be6 14. cxd5 cxd5
15. Kh1 Rad8 16. f4 d4 17. exd4 exf4 18. Bh4 h6 19. Bxf6 Qxf6 20. Ne4 Qe7 21.
Nxd6 Qxd6 22. Qd2 g5 23. Rad1 Bb3 24. Rb1 Ba4 25. Rbc1 Qxd4 26. Qxd4 Rxd4 27.
Rc7 Rd7 28. Rfc1 Rxc7 29. Rxc7 Re8 0-1

[Event "Gibraltar Chess Festival 2017 - Masters"]
[Site "Gibraltar ENG"]
[Date "2017.01.25"]
[Round "2.72"]
[White "Paehtz, Thomas"]
[Black "Byron, Alan M"]
[Result "1-0"]
[WhiteElo "2365"]
[BlackElo "2110"]
[PlyCount "69"]
[EventDate "2017.01.24"]
[EventType "swiss"]
[EventRounds "10"]
[EventCountry "ENG"]
[SourceTitle "Ajedrez en Madrid"]
[Source "lmi"]
[SourceDate "2017.01.24"]

1. d4 Nf6 2. Nf3 g6 3. g3 Bg7 4. Bg2 O-O 5. O-O d6 6. c4 Nc6 7. Nc3 Rb8 8. b3
a6 9. Bb2 Bd7 10. Nd5 e6 11. Ne3 b5 12. Rc1 bxc4 13. Nxc4 a5 14. Nfd2 d5 15.
Ne5 Nxe5 16. dxe5 Ng4 17. Nf3 Rb7 18. h3 Nh6 19. Qd2 a4 20. b4 Nf5 21. a3 Bb5
22. Rfd1 Bh6 23. e3 Re8 24. Nh2 Qb8 25. Ng4 Bg7 26. Nf6+ Bxf6 27. exf6 Kh8 28.
e4 dxe4 29. Bxe4 Rb6 30. Be5 Rd6 31. Bxd6 Nxd6 32. Bb1 Rg8 33. Rc5 Qb6 34. Qh6
Ne8 35. Qxh7+ 1-0

[Event "Gibraltar Chess Festival 2017 - Masters"]
[Site "Gibraltar ENG"]
[Date "2017.01.25"]
[Round "2.73"]
[White "Korning, Peter"]
[Black "Sahl, Bjarke"]
[Result "0-1"]
[WhiteElo "2080"]
[BlackElo "2363"]
[PlyCount "48"]
[EventDate "2017.01.24"]
[EventType "swiss"]
[EventRounds "10"]
[EventCountry "ENG"]
[SourceTitle "Ajedrez en Madrid"]
[Source "lmi"]
[SourceDate "2017.01.24"]

1. e4 d6 2. d4 Nf6 3. Nc3 c6 4. f4 g6 5. Nf3 Bg7 6. Bd3 O-O 7. O-O Bg4 8. h3
Bxf3 9. Qxf3 Qb6 10. Qf2 Nxe4 11. Na4 Nxf2 12. Nxb6 Nxd3 13. Nxa8 Nxc1 14. Re1
Na6 15. Rxe7 Rxa8 16. Rxc1 Bxd4+ 17. Kf1 Nc5 18. b4 Bf6 19. Re2 Ne6 20. g3 h5
21. f5 Nd4 22. Rd2 Nxf5 23. g4 hxg4 24. hxg4 Ne3+ 0-1

[Event "Gibraltar Chess Festival 2017 - Masters"]
[Site "Gibraltar ENG"]
[Date "2017.01.25"]
[Round "2.74"]
[White "Siva, Mahadevan"]
[Black "Seraoui, Mohcen"]
[Result "1-0"]
[WhiteElo "2356"]
[BlackElo "2100"]
[PlyCount "73"]
[EventDate "2017.01.24"]
[EventType "swiss"]
[EventRounds "10"]
[EventCountry "ENG"]
[SourceTitle "Ajedrez en Madrid"]
[Source "lmi"]
[SourceDate "2017.01.24"]

1. d4 Nf6 2. c4 g6 3. Nc3 Bg7 4. Nf3 O-O 5. Bg5 d6 6. e3 Nbd7 7. Be2 e5 8. dxe5
dxe5 9. Qc2 c6 10. O-O Qe7 11. Nd2 a5 12. a3 Nc5 13. b4 axb4 14. axb4 Rxa1 15.
Rxa1 Na6 16. b5 Nc5 17. Nde4 Bf5 18. Bf3 Qc7 19. Bxf6 Nxe4 20. Bxe4 Bxf6 21.
Bxf5 gxf5 22. Qxf5 Bg7 23. Ne4 Rd8 24. Ng5 h6 25. b6 Qe7 26. Ne4 Qb4 27. c5 Qb3
28. g4 Qd5 29. Nd6 Rb8 30. Nxb7 Bf8 31. Ra7 Qe6 32. Qxe6 fxe6 33. Nd6 Bxd6 34.
cxd6 Kf8 35. Rc7 Ke8 36. b7 Kd8 37. Rh7 1-0

[Event "Gibraltar Chess Festival 2017 - Masters"]
[Site "Gibraltar ENG"]
[Date "2017.01.25"]
[Round "2.75"]
[White "Reuben, Stewart"]
[Black "Papp, Petra"]
[Result "0-1"]
[WhiteElo "2076"]
[BlackElo "2352"]
[PlyCount "48"]
[EventDate "2017.01.24"]
[EventType "swiss"]
[EventRounds "10"]
[EventCountry "ENG"]
[SourceTitle "Ajedrez en Madrid"]
[Source "lmi"]
[SourceDate "2017.01.24"]

1. c4 e5 2. g3 Nf6 3. Bg2 c6 4. Nc3 d5 5. cxd5 cxd5 6. Qb3 Nc6 7. Nxd5 Nd4 8.
Nxf6+ Qxf6 9. Qd3 Bd7 10. e3 Bc6 11. f3 Ne6 12. Ne2 Rd8 13. Qc3 h5 14. O-O h4
15. f4 Bxg2 16. Kxg2 hxg3 17. hxg3 Bd6 18. Rh1 Rxh1 19. Kxh1 Ke7 20. d4 Rh8+
21. Kg2 e4 22. Ng1 Qh6 23. Kf1 Qh1 24. Qc8 Rxc8 0-1

[Event "Gibraltar Chess Festival 2017 - Masters"]
[Site "Gibraltar ENG"]
[Date "2017.01.25"]
[Round "2.76"]
[White "Vuilleumier, Alexandre"]
[Black "Compton, Alistair"]
[Result "1-0"]
[WhiteElo "2347"]
[BlackElo "2094"]
[PlyCount "57"]
[EventDate "2017.01.24"]
[EventType "swiss"]
[EventRounds "10"]
[EventCountry "ENG"]
[SourceTitle "Ajedrez en Madrid"]
[Source "lmi"]
[SourceDate "2017.01.24"]

1. d4 d5 2. Nf3 Nf6 3. c3 Bf5 4. Qb3 Qc8 5. Bf4 e6 6. e3 Be7 7. h3 h6 8. c4 O-O
9. Nc3 dxc4 10. Bxc4 c6 11. g4 Bh7 12. g5 hxg5 13. Nxg5 b5 14. Nxh7 Nxh7 15.
Bd3 f5 16. d5 b4 17. d6 Bf6 18. Bc4 Nd7 19. Bxe6+ Kh8 20. Na4 Ng5 21. Bxg5 Bxg5
22. Rg1 Bh6 23. O-O-O c5 24. Kb1 f4 25. e4 Qd8 26. Bxd7 Qxd7 27. Nxc5 Qb5 28.
Ne6 Qe5 29. Nxf8 1-0

[Event "Gibraltar Chess Festival 2017 - Masters"]
[Site "Gibraltar ENG"]
[Date "2017.01.25"]
[Round "2.77"]
[White "Kozarcanin, Sead"]
[Black "Sodoma, Jan"]
[Result "0-1"]
[WhiteElo "2069"]
[BlackElo "2344"]
[PlyCount "75"]
[EventDate "2017.01.24"]
[EventType "swiss"]
[EventRounds "10"]
[EventCountry "ENG"]
[SourceTitle "Ajedrez en Madrid"]
[Source "lmi"]
[SourceDate "2017.01.24"]

1. b3 e5 2. Bb2 Nc6 3. e3 Nf6 4. Bb5 Bd6 5. d4 exd4 6. exd4 O-O 7. Nf3 Re8+ 8.
Be2 Qe7 9. Nc3 Bb4 10. a3 Bxc3+ 11. Bxc3 b6 12. Kf1 Bb7 13. Bd3 Ne4 14. Bxe4
Qxe4 15. Qd2 Ne7 16. Re1 Qg6 17. h4 Bxf3 18. gxf3 Qf5 19. Kg2 Ng6 20. Kg3 h5
21. d5 c6 22. Qd4 f6 23. dxc6 dxc6 24. Qc4+ Kh7 25. Re4 b5 26. Qd3 Rad8 27. Qe3
Qd7 28. Qc5 Qc7+ 29. Kg2 Nf4+ 30. Kf1 Rd1+ 31. Be1 Rxe4 32. fxe4 Qd7 33. Qe3
Qg4 34. Rg1 Rxe1+ 35. Kxe1 Qxg1+ 36. Kd2 Qg4 37. e5 Nd5 38. Qd3+ 0-1

[Event "Gibraltar Chess Festival 2017 - Masters"]
[Site "Gibraltar ENG"]
[Date "2017.01.25"]
[Round "2.78"]
[White "Kulkarni, Rakesh"]
[Black "Lochte, Thomas"]
[Result "0-1"]
[WhiteElo "2344"]
[BlackElo "2070"]
[PlyCount "34"]
[EventDate "2017.01.24"]
[EventType "swiss"]
[EventRounds "10"]
[EventCountry "ENG"]
[SourceTitle "Ajedrez en Madrid"]
[Source "lmi"]
[SourceDate "2017.01.24"]

1. e4 e5 2. Nf3 Nc6 3. d4 exd4 4. Nxd4 Nf6 5. Nc3 Bb4 6. Nxc6 bxc6 7. Bd3 d5 8.
exd5 Qe7+ 9. Qe2 Qxe2+ 10. Kxe2 cxd5 11. Nb5 Kd8 12. Bf4 Re8+ 13. Kf3 Bg4+ 14.
Kg3 Bd7 15. Bxc7+ Kc8 16. Bf4 g5 17. Bd6 Nh5+ 0-1

[Event "Gibraltar Chess Festival 2017 - Masters"]
[Site "Gibraltar ENG"]
[Date "2017.01.25"]
[Round "2.79"]
[White "Gulamali, Kazim"]
[Black "Kandic, Milan"]
[Result "1/2-1/2"]
[WhiteElo "2341"]
[BlackElo "2061"]
[PlyCount "42"]
[EventDate "2017.01.24"]
[EventType "swiss"]
[EventRounds "10"]
[EventCountry "ENG"]
[SourceTitle "Ajedrez en Madrid"]
[Source "lmi"]
[SourceDate "2017.01.24"]

1. e4 d6 2. d4 Nf6 3. Nc3 e5 4. Nf3 Nbd7 5. Bc4 Be7 6. O-O O-O 7. a4 c6 8. Re1
b6 9. d5 Bb7 10. b3 cxd5 11. Nxd5 Nxd5 12. Bxd5 Bxd5 13. Qxd5 Qc7 14. c4 Nc5
15. Rb1 Qb7 16. Qxb7 Nxb7 17. Be3 Rac8 18. Nd2 h6 19. Nf3 Kh7 20. Red1 Rc7 21.
g3 g6 1/2-1/2

[Event "Gibraltar Chess Festival 2017 - Masters"]
[Site "Gibraltar ENG"]
[Date "2017.01.25"]
[Round "2.80"]
[White "Eagleton, Greg T"]
[Black "Bellon Lopez, Juan Manuel"]
[Result "1-0"]
[WhiteElo "2055"]
[BlackElo "2339"]
[PlyCount "113"]
[EventDate "2017.01.24"]
[EventType "swiss"]
[EventRounds "10"]
[EventCountry "ENG"]
[SourceTitle "Ajedrez en Madrid"]
[Source "lmi"]
[SourceDate "2017.01.24"]

1. d4 d5 2. c4 c6 3. Nf3 dxc4 4. a4 Nf6 5. e3 Be6 6. Na3 g6 7. Nxc4 Bg7 8. Be2
O-O 9. O-O Qc7 10. b4 Rd8 11. Qc2 Bd5 12. Nce5 Be4 13. Bd3 Bxd3 14. Nxd3 Nbd7
15. Bb2 Rac8 16. Rac1 a6 17. Rfe1 Nf8 18. Nfe5 N6d7 19. Nf3 Qb6 20. Qc4 a5 21.
Ba3 Bf6 22. Rb1 axb4 23. Bxb4 Qa7 24. a5 Ne6 25. Bc3 Nc7 26. e4 e6 27. Bb4 Bg7
28. Rec1 Qa8 29. h3 Nf6 30. Nc5 Nb5 31. Rd1 Nd6 32. Qe2 Nd7 33. Nxe6 fxe6 34.
Bxd6 Bf8 35. Qc4 Re8 36. Bxf8 Nxf8 37. Qb4 Rc7 38. Ne5 Qd8 39. Qc3 Nd7 40. Qg3
Nxe5 41. Qxe5 Qe7 42. Rb6 Qg7 43. Qxg7+ Kxg7 44. Rdb1 Ree7 45. R6b4 g5 46. Kf1
Kf6 47. Ke2 e5 48. d5 cxd5 49. Rb6+ Kg7 50. exd5 Rf7 51. f3 Rc5 52. Rxb7 Rxd5
53. Rxf7+ Kxf7 54. Ra1 Rd7 55. a6 Ra7 56. Kd3 Ke6 57. Kc4 1-0

[Event "Gibraltar Chess Festival 2017 - Masters"]
[Site "Gibraltar ENG"]
[Date "2017.01.25"]
[Round "2.81"]
[White "Rakesh, Kumar Jena"]
[Black "Hewson, Brian Wr"]
[Result "1-0"]
[WhiteElo "2335"]
[BlackElo "2055"]
[PlyCount "31"]
[EventDate "2017.01.24"]
[EventType "swiss"]
[EventRounds "10"]
[EventCountry "ENG"]
[SourceTitle "Ajedrez en Madrid"]
[Source "lmi"]
[SourceDate "2017.01.24"]

1. e4 c6 2. Ne2 d5 3. e5 c5 4. d4 cxd4 5. Nxd4 Nc6 6. Bb5 Qc7 7. O-O e6 8. c4
dxc4 9. Nxc6 bxc6 10. Bxc4 Qxe5 11. Qf3 Bd7 12. Bf4 Qf6 13. Rd1 g5 14. Qd3 Rd8
15. Bc7 Bg7 16. Nc3 1-0

[Event "Gibraltar Chess Festival 2017 - Masters"]
[Site "Gibraltar ENG"]
[Date "2017.01.25"]
[Round "2.82"]
[White "Dasaolu, Rotimi"]
[Black "Piasetski, Leon"]
[Result "1-0"]
[WhiteElo "2051"]
[BlackElo "2327"]
[PlyCount "86"]
[EventDate "2017.01.24"]
[EventType "swiss"]
[EventRounds "10"]
[EventCountry "ENG"]
[SourceTitle "Ajedrez en Madrid"]
[Source "lmi"]
[SourceDate "2017.01.24"]

1. Nf3 g6 2. c4 Bg7 3. d4 d6 4. g3 Nf6 5. Bg2 O-O 6. O-O Nbd7 7. Nc3 e5 8. h3
c6 9. e4 exd4 10. Nxd4 Re8 11. Re1 Ne5 12. b3 a5 13. Bg5 a4 14. Qd2 Qa5 15.
Rad1 axb3 16. axb3 h6 17. Be3 Kh7 18. f4 Ned7 19. Qc2 Nc5 20. Ra1 Qxa1 21. Rxa1
Rxa1+ 22. Kh2 Ncxe4 23. Nxe4 Nxe4 24. Bxe4 d5 25. cxd5 cxd5 26. Bxd5 Rxe3 27.
Bxf7 Bd7 28. Bxg6+ Kh8 29. Qd2 Ree1 30. Bc2 Rh1+ 31. Kg2 Bxh3+ 32. Kf3 Ra8 33.
Qd3 Rf1+ 34. Ke2 Re8+ 35. Kd2 Rf2+ 36. Kc1 Re1+ 37. Kb2 Kg8 38. Ka3 Re8 39.
Qh7+ Kf8 40. Nf5 Bxf5 41. Qxf5+ Kg8 42. Qh7+ Kf8 43. Bd3 Rf3 1-0

[Event "Gibraltar Chess Festival 2017 - Masters"]
[Site "Gibraltar ENG"]
[Date "2017.01.25"]
[Round "2.83"]
[White "Mannion, Stephen R"]
[Black "Feldbacher, Harald"]
[Result "1-0"]
[WhiteElo "2326"]
[BlackElo "2050"]
[PlyCount "51"]
[EventDate "2017.01.24"]
[EventType "swiss"]
[EventRounds "10"]
[EventCountry "ENG"]
[SourceTitle "Ajedrez en Madrid"]
[Source "lmi"]
[SourceDate "2017.01.24"]

1. e4 c5 2. Nf3 Nc6 3. d4 cxd4 4. Nxd4 Nf6 5. Nc3 e5 6. Ndb5 d6 7. Bg5 a6 8.
Na3 b5 9. Bxf6 gxf6 10. Nd5 Bg7 11. Bd3 Ne7 12. Nxe7 Qxe7 13. c4 f5 14. O-O O-O
15. Qf3 Rb8 16. exf5 e4 17. Bxe4 Bxb2 18. Rae1 d5 19. Qg3+ Kh8 20. Bxd5 Qxa3
21. Qxb8 Bxf5 22. Qf4 Bd3 23. Re3 bxc4 24. Bxc4 Bxc4 25. Rxa3 Bxf1 26. Rb3 1-0

[Event "Gibraltar Chess Festival 2017 - Masters"]
[Site "Gibraltar ENG"]
[Date "2017.01.25"]
[Round "2.84"]
[White "Carlsten, Peter"]
[Black "De Haan, Eric"]
[Result "1-0"]
[WhiteElo "2047"]
[BlackElo "2319"]
[PlyCount "47"]
[EventDate "2017.01.24"]
[EventType "swiss"]
[EventRounds "10"]
[EventCountry "ENG"]
[SourceTitle "Ajedrez en Madrid"]
[Source "lmi"]
[SourceDate "2017.01.24"]

1. e4 c5 2. Nf3 e6 3. d4 cxd4 4. Nxd4 Nf6 5. Nc3 d6 6. Be2 Be7 7. O-O Nc6 8.
Be3 O-O 9. f4 Bd7 10. Qe1 e5 11. fxe5 dxe5 12. Nb3 Bb4 13. Qh4 Bxc3 14. bxc3
Ng4 15. Bg5 f6 16. Bd2 Qb6+ 17. Kh1 Ne3 18. Rf3 Nxc2 19. Rc1 Na3 20. Be3 Nd4
21. cxd4 Rac8 22. Nc5 Qb2 23. Nxd7 Qxe2 24. Re1 1-0

[Event "Gibraltar Chess Festival 2017 - Masters"]
[Site "Gibraltar ENG"]
[Date "2017.01.25"]
[Round "2.85"]
[White "Welling, Gerard"]
[Black "Berrocal Ruiz, Valentin"]
[Result "1-0"]
[WhiteElo "2314"]
[BlackElo "2042"]
[PlyCount "101"]
[EventDate "2017.01.24"]
[EventType "swiss"]
[EventRounds "10"]
[EventCountry "ENG"]
[SourceTitle "Ajedrez en Madrid"]
[Source "lmi"]
[SourceDate "2017.01.24"]

1. g3 e5 2. Bg2 Nf6 3. c4 c6 4. d3 d5 5. Qc2 Bd6 6. Bg5 Nbd7 7. Nc3 d4 8. Ne4
Bb4+ 9. Bd2 Bxd2+ 10. Nxd2 a5 11. Ngf3 Qe7 12. O-O O-O 13. b3 a4 14. Rfb1 h6
15. b4 Nb6 16. a3 Bf5 17. Re1 Rfd8 18. c5 Nc8 19. Qb2 Nd5 20. Nc4 f6 21. Nh4
Be6 22. Qd2 Qd7 23. Nb2 Nce7 24. Qc2 Nc3 25. e3 Bb3 26. Qd2 Nb5 27. e4 Rf8 28.
Kh1 g5 29. Nf3 Ng6 30. Ng1 Kg7 31. Bf3 Nc3 32. Bh5 f5 33. f3 f4 34. Nc4 Bxc4
35. dxc4 Rf6 36. Rac1 Qe7 37. Qd3 Nf8 38. Nh3 Nd7 39. gxf4 gxf4 40. Nf2 Kh7 41.
Bg4 Nf8 42. Rg1 Ng6 43. Bf5 h5 44. Rg5 Kh6 45. Rcg1 Nh4 46. Qf1 Rxf5 47. Rxf5
Nxf5 48. exf5 Rf8 49. Rg6+ Kh7 50. Qh3 h4 51. Qg4 1-0

[Event "Gibraltar Chess Festival 2017 - Masters"]
[Site "Gibraltar ENG"]
[Date "2017.01.25"]
[Round "2.86"]
[White "Webb, Laurence E"]
[Black "Hamer, Martyn"]
[Result "1/2-1/2"]
[WhiteElo "2313"]
[BlackElo "2039"]
[PlyCount "86"]
[EventDate "2017.01.24"]
[EventType "swiss"]
[EventRounds "10"]
[EventCountry "ENG"]
[SourceTitle "Ajedrez en Madrid"]
[Source "lmi"]
[SourceDate "2017.01.24"]

1. d4 Nf6 2. c4 g6 3. Nc3 Bg7 4. Nf3 O-O 5. e4 d6 6. Be2 e5 7. dxe5 dxe5 8.
Qxd8 Rxd8 9. Bg5 Re8 10. Nd5 Nxd5 11. cxd5 c6 12. Bc4 cxd5 13. Bxd5 Nd7 14.
O-O-O Nf6 15. Bxf6 Bxf6 16. Kb1 Bd8 17. Nd2 Rb8 18. Nc4 Bc7 19. Rd3 b5 20. Ne3
Rd8 21. Rhd1 Kf8 22. f3 Bb6 23. Ng4 Bd4 24. Bb3 Bxg4 25. fxg4 f6 26. Rf3 Ke7
27. g5 Rf8 28. Rh3 fxg5 29. Rxh7+ Kd6 30. Rc1 Be3 31. Rc3 Rf1+ 32. Kc2 Rf2+ 33.
Kd3 Bf4 34. Rc2 Rxc2 35. Bxc2 Rd8 36. Bb3 Rd7 37. Rh6 Rg7 38. Bd1 Kc5 39. Bg4
Rg8 40. g3 Rd8+ 41. Kc3 b4+ 42. Kb3 Rd3+ 43. Kc2 Rd2+ 1/2-1/2

[Event "Gibraltar Chess Festival 2017 - Masters"]
[Site "Gibraltar ENG"]
[Date "2017.01.25"]
[Round "2.87"]
[White "Fomani, Medhi"]
[Black "Wantiez, Fabrice"]
[Result "0-1"]
[WhiteElo "2042"]
[BlackElo "2312"]
[PlyCount "60"]
[EventDate "2017.01.24"]
[EventType "swiss"]
[EventRounds "10"]
[EventCountry "ENG"]
[SourceTitle "Ajedrez en Madrid"]
[Source "lmi"]
[SourceDate "2017.01.24"]

1. d4 Nf6 2. Bg5 d5 3. Bxf6 exf6 4. e3 Bd6 5. Bd3 O-O 6. Nd2 c6 7. c3 Re8 8.
Qc2 g6 9. O-O-O f5 10. g3 Nd7 11. h4 c5 12. h5 c4 13. Bf1 Nf6 14. hxg6 fxg6 15.
Bg2 Be6 16. Nh3 b5 17. Nf3 b4 18. Nfg5 Rb8 19. Nxe6 Rxe6 20. Nf4 Bxf4 21. gxf4
b3 22. axb3 Rxb3 23. Kd2 Reb6 24. Rb1 Qb8 25. Kc1 a5 26. Bh3 Ne4 27. f3 Nxc3
28. Bxf5 Nxb1 29. Qh2 Qb7 30. Bc8 Qe7 0-1

[Event "Gibraltar Chess Festival 2017 - Masters"]
[Site "Gibraltar ENG"]
[Date "2017.01.25"]
[Round "2.88"]
[White "Skou, Niels"]
[Black "Saravanan, V."]
[Result "0-1"]
[WhiteElo "2025"]
[BlackElo "2306"]
[PlyCount "58"]
[EventDate "2017.01.24"]
[EventType "swiss"]
[EventRounds "10"]
[EventCountry "ENG"]
[SourceTitle "Ajedrez en Madrid"]
[Source "lmi"]
[SourceDate "2017.01.24"]

1. d4 Nf6 2. c4 g6 3. Nc3 Bg7 4. e4 d6 5. Nf3 O-O 6. h3 Na6 7. Be2 e5 8. Bg5
exd4 9. Nxd4 h6 10. Be3 Re8 11. f3 c6 12. Qd2 h5 13. Rd1 d5 14. cxd5 cxd5 15.
exd5 Nxd5 16. Nxd5 Qxd5 17. b3 Bd7 18. O-O Qe5 19. Bf2 Kh7 20. f4 Qf6 21. Bf3
Rad8 22. Qa5 Bc8 23. f5 Re5 24. fxg6+ fxg6 25. Qc3 Qe7 26. Qc2 Nb4 27. Qb1 Nd5
28. Rde1 Ne3 29. Rxe3 Rxe3 0-1